000 00819nam a22002777a 4500
003 CHAP
005 20220329135118.0
008 971013s1961 r 00010 d
010 _a31115
011 _a32087
035 _a36199
040 _cCHAP
082 _a660
_bL6
100 0 0 _aLoncin, Marcel.
_967545
245 _ales opérations unitaires du génie chimique
260 _aParis :
_bDunod,
_c1961
300 _a722 p.
_b: ilus.
590 _aBATCH-UPD
_b10
_c20130110
_lUCH01
_h1955
590 _aBATCH-UPD
_b10
_c20130410
_lUCH01
_h1316
590 _aBATCH-UPD
_b10
_c20130914
_lUCH01
_h1641
590 _aCONVERSION
_b10
_c20130109
_lUCH01
_h1318
650 1 4 _aIngeniería química.
_958271
901 _aBK
942 _cLIBRO
949 _a660 L6
_bBC
_cLIBRO
_d33724000118816
_eLIBRO
_h12940
_i36199
_mD Dr.Viet
_si
999 _c31115
_d31115